000 00751nam a22001937a 4500
005 20250702161542.0
008 250110b |||||||| |||| 00| 0 eng d
020 _a9786214183173
082 _aDFil 364.68 V711 2023
100 _aVillaluz, Joner C.
_91846
245 _aNon-institutional correction :
_b(community-based correction in the Philippines) for criminology students /
_cJoner C. Villaluz.
260 _aQuezon City :
_bWiseman's Books Trading, Inc.,
_c©2023.
300 _aiv, 135 pages :
_billustrations ;
_c22 cm.
500 _aIncludes references.
650 0 _aNon-institutional corrections
_xAdministration.
_964504
650 0 _aCorrections
_xAdministration.
_964505
650 0 _aPrison administration.
_964506
942 _2ddc
_cDFIL
999 _c23276
_d23276